000 00340nam a2200145Ia 4500
008 191201s2011 xx 000 0 und d
082 _a658.5
_bNEO
100 _aNELSON, Debra L
245 0 _aOrganizational Behavior
250 _aRep
260 _aN.Delhi
_bCENGAGE Learning
_c2011
300 _a643
650 _aMBA
942 _2ddc
_cBK
_01
999 _c5359
_d5359